MARC

Tag First Indicator Second Indicator Subfields
LEADER 00000cam a2200000 a 4500
001 in00001027136
005 20190410093343.0
008 900813s1990 nyu b 0010 eng
010 |a  90046357  
020 |a 0889467390 
035 |a (OCoLC)22345397 
035 |9 AFF6188AM 
040 |a DLC  |c DLC  |d TXA  |d UtOrBLW 
049 |a TXAM 
050 0 0 |a PQ4086  |b .A44 1990 
082 0 0 |a 840.9/384  |2 20 
100 1 |a Alexander, Foscarina. 
245 1 4 |a The aspiration toward a lost natural harmony in the work of three Italian writers :  |b Leopardi, Verga, and Moravia /  |c Foscarina Alexander. 
264 1 |a Lewiston, N.Y. :  |b E. Mellen Press,  |c [1990] 
264 4 |c ©1990 
300 |a viii, 130 pages ;  |c 24 cm. 
336 |a text  |b txt  |2 rdacontent 
337 |a unmediated  |b n  |2 rdamedia 
338 |a volume  |b nc  |2 rdacarrier 
490 1 |a Studies in Italian literature ;  |v v. 1 
504 |a Includes bibliographical references (pages [123]-126) and index. 
650 0 |a Italian literature  |y 19th century  |x History and criticism. 
650 0 |a Italian literature  |y 20th century  |x History and criticism. 
600 1 0 |a Leopardi, Giacomo,  |d 1798-1837  |x Criticism and interpretation. 
600 1 0 |a Verga, Giovanni,  |d 1840-1922  |x Criticism and interpretation. 
600 1 0 |a Moravia, Alberto,  |d 1907-1990  |x Criticism and interpretation. 
650 0 |a Harmony (Aesthetics) in literature. 
650 0 |a Nature in literature. 
650 0 |a Alienation (Social psychology) in literature. 
830 0 |a Studies in Italian literature (Lewiston, N.Y.) ;  |v v. 1. 
999 |a MARS 
999 f f |s dab67447-4cce-3803-93f3-9ef8d7649d0a  |i 31b5b484-ece3-351a-a73d-14151871db3e  |t 0 
952 f f |p ric  |a Texas A&M University  |b Rellis Campus  |c Joint Library Facility  |d Remote Storage  |t 0  |e PQ4086 .A44 1990  |h Library of Congress classification  |i unmediated -- volume  |m A14815118271 
998 f f |a PQ4086 .A44 1990  |t 0  |l Remote Storage